Terrorism, crime and public policy / (Record no. 74310)

MARC details
000 -LEADER
fixed length control field 00805nam a22002537a 4500
005 - DATE AND TIME OF LATEST TRANSACTION
control field 20130408125550.0
008 - FIXED-LENGTH DATA ELEMENTS--GENERAL INFORMATION
fixed length control field 130408b xxu||||| |||| 00| 0 eng d
010 ## - LCCN (DPL NO)
LC control number ENG-106813
020 ## - INTERNATIONAL STANDARD BOOK NUMBER
International Standard Book Number 9789381084557
Terms of availability 800.00
035 ## - SYSTEM CONTROL NUMBER
System control number EN-90346
037 ## - SOURCE OF ACQUISITION
Source of stock number/acquisition DBAD/PUB
040 ## - CATALOGING SOURCE
Original cataloging agency DPL
Language of cataloging Eng
082 ## - DEWEY DECIMAL CLASSIFICATION NUMBER
Classification number 303.625
100 ## - MAIN ENTRY--PERSONAL NAME
Personal name Tripathi, S. K.
245 ## - TITLE STATEMENT
Title Terrorism, crime and public policy /
Statement of responsibility, etc by S.K. Tripathi
260 ## - PUBLICATION, DISTRIBUTION, ETC. (IMPRINT)
Place of publication, distribution, etc Delhi
Name of publisher, distributor, etc Swastik Publications
Date of publication, distribution, etc 2012
270 ## - ADDRESS
Address 31, Gali No. 1, A-Block, Pocket-5, CRP Water Tank, Sonia Vihar
City Delhi
Postal code 110094
300 ## - PHYSICAL DESCRIPTION
Extent vi,280p.
Dimensions 22cm(Hb)
500 ## - GENERAL NOTE
General note Includes bibliographical references and index
650 ## - SUBJECT ADDED ENTRY--TOPICAL TERM
Topical term or geographic name as entry element Organized crime
650 ## - SUBJECT ADDED ENTRY--TOPICAL TERM
Topical term or geographic name as entry element Political planning
650 ## - SUBJECT ADDED ENTRY--TOPICAL TERM
Topical term or geographic name as entry element Terrorism
942 ## - ADDED ENTRY ELEMENTS (KOHA)
Source of classification or shelving scheme Dewey Decimal Classification
Item type English Books
Classification part 303.625
Call number suffix TRI
Holdings
Withdrawn status Lost status Source of classification or shelving scheme Damaged status Not for loan Collection code Home library Current library Date acquired Source of acquisition Cost, normal purchase price Total Checkouts Full call number Barcode Date last seen Copy number Cost, replacement price Koha item type
    Dewey Decimal Classification   Not For Loan Non-fiction D.B.Act.Division D.B.Act.Division 08/04/2013 DBAD/PUB 800.00   303.625 TRI EN-90346 08/04/2013 1 800.00 English Books

© Delhi Public Library
Hit Counter
free hit counter